Statistics for Fearless - Louis Tomlinson (All Lyrics)

Click here to take the quiz!

General Stats

  • This quiz has been taken 327 times
  • The average score is 173 of 207

Answer Stats

Fearless% Correct
I
99%
you
99%
a
95%
in
94%
the
93%
fearless
92%
Post-ChorusFearless
92%
all
90%
it
90%
of
90%
to
90%
do
89%
me
89%
And
88%
and
88%
get
86%
people?
86%
people
86%
these
86%
front
85%
enough
84%
for
84%
For
84%
remember
84%
that
84%
young
84%
young?
84%
your
84%
feel
83%
still
83%
Strong
83%
strong
83%
Chorus | OutroTell
83%
tell
83%
feelin'
82%
Just
82%
wrong
82%
better
80%
truth
80%
I'm
78%
weekend
78%
second
76%
tonight
76%
wife
75%
fire
74%
look
74%
done
72%
is
72%
memory
72%
not
72%
Now
72%
seen
72%
I've
71%
tie
71%
Then
70%
always
69%
By
69%
ever
69%
inside
69%
It's
69%
life
69%
on
69%
suit
69%
could've
68%
if
68%
treasures
68%
saying
67%
than
67%
car
66%
know
66%
should
66%
drive
65%
happiness
65%
as
64%
spark
64%
But
63%
measured
63%
design
62%
alight
61%
lies
61%
Verse 1Cashin'
60%
well
60%

Score Distribution

Percentile by Number Answered

Percent of People with Each Score

Your Score History

You have not taken this quiz